| 000 | 00642nam a22002177a 4500 | ||
|---|---|---|---|
| 999 |
_c18287 _d18287 |
||
| 003 | AR-CdUCM | ||
| 008 | 190513b ||||| |||| 00| 0 spa d | ||
| 040 |
_aMUNICIPALIDAD PROVINCIAL DEL CUSCO _cBIBLIOTECA MUNICIPAL DEL CUSCO |
||
| 041 | _heng | ||
| 082 |
_a895.18 / _bCH19 |
||
| 100 |
_aChang, Eileen _938789 |
||
| 245 | _aLa canción del arroz / | ||
| 260 |
_aBuenos Aires : _bEdit. Goyanarte, _c1955. |
||
| 300 |
_a150 páginas ; _c21 cm. |
||
| 505 | _aContenido: Novelas chinas. | ||
| 650 |
_aNovelas chinas _91534 |
||
| 650 |
_aRaíz de oro _938790 |
||
| 650 |
_aFeudal _938791 |
||
| 942 |
_2ddc _cLIBROS |
||
| 945 |
_adavv _d2019-05-13 |
||